লোডিং...

Handbook of small animal orthopedics and fracture treatment

গ্রন্থ-পঞ্জীর বিবরন
প্রধান লেখক: Donald L Piermattei, Wade O Brinker
বিন্যাস: Printed Book
ভাষা:Undetermined
প্রকাশিত: Philadeiphia 1990
W B sounders company
সংস্করন:2
বিষয়গুলি:
LEADER 00761nam a2200265Ia 4500
008 141122s9999 xx 000 0 und d
020 |a 721628087 
040 |c . 
041 |a English 
082 |a 636. 08973 
082 |b BRI/HA 
100 |a Donald L Piermattei 
100 |a Wade O Brinker 
245 |a Handbook of small animal orthopedics and fracture treatment 
245 |c Wade O Brinker 
250 |a 2 
260 |b Philadeiphia 
260 |b W B sounders company 
260 |c 1990 
300 |a 582 Pages 
500 |a old stock 
650 |a Veterinary orthopedics 
942 |c BK 
999 |c 688  |d 688 
952 |0 0  |1 0  |2 ddc  |4 1  |6 636__089730000000000_BRIHA  |7 0  |9 684  |a COVAS  |b COVAS  |d 0000-00-00  |o 636. 08973 BRI/HA  |p 15599  |r 2014-11-26  |w 2014-11-26  |y BK